Stories kids can live by. (Record no. 9095)

000 -LEADER
fixed length control field 00524nam a2200181 a 4500
001 - CONTROL NUMBER
control field :::00006876$&:&@@
003 - CONTROL NUMBER IDENTIFIER
control field OkBaRHE
005 - DATE AND TIME OF LATEST TRANSACTION
control field 20000607103333.0
008 - FIXED-LENGTH DATA ELEMENTS--GENERAL INFORMATION
fixed length control field s1981 j 000 0 eng u
040 ## - CATALOGING SOURCE
Transcribing agency
100 1# - MAIN ENTRY--PERSONAL NAME
Personal name George, Willie.
245 10 - TITLE STATEMENT
Title Stories kids can live by.
260 ## - PUBLICATION, DISTRIBUTION, ETC. (IMPRINT)
Place of publication, distribution, etc Tulsa, OK., :
Name of publisher, distributor, etc Faith Root Ministries
Date of publication, distribution, etc 1981
300 ## - PHYSICAL DESCRIPTION
Extent 62 p.
650 ## - SUBJECT ADDED ENTRY--TOPICAL TERM
Topical term or geographic name as entry element Church Work with Children
942 ## - ADDED ENTRY ELEMENTS (KOHA)
Source of classification or shelving scheme
Koha item type Books
Copies
Damaged status Shelving location Barcode Full call number Not for loan Lost status Date acquired Price effective from Source of classification or shelving scheme Date last seen Withdrawn status Copy number Koha item type Permanent Location
 General Stacks6876BV 639 .G4  2010-04-142010-04-14 2010-04-14 1BooksRHEMA Bible Training College